| 000 | 00411 a2200157 4500 | ||
|---|---|---|---|
| 020 | _a0471322873 | ||
| 022 | _a9780471322870 | ||
| 082 | _a658.15224 | ||
| 090 |
_c2746 _d2746 |
||
| 100 | _aSmith,Janet Kiholm Smith | ||
| 245 |
_aEntrepreneurial Finance _cJanet Kiholm Smith. |
||
| 260 |
_aNew York _bJohn Wiley & Sons,INC. _c2000 |
||
| 300 | _a638p | ||
| 500 | _aHard cover | ||
| 942 |
_aNBS _cBK _k658.15224 SMI |
||
| 999 |
_c345237 _d345237 |
||